La tete d'un homme /
Guardado en:
| Autor Principal: | |
|---|---|
| Formato: | Libro |
| Publicado: |
Francia :
Hachette,
1974
|
| Etiquetas: |
Agregar Etiqueta
Sin Etiquetas, Sea el primero en etiquetar este registro!
|
| LEADER | 00381nam a22001455a 4500 | ||
|---|---|---|---|
| 001 | CEM.cems005997 | ||
| 005 | 20060214000000.0 | ||
| 008 | 130507s1974##################000#0#####d | ||
| 003 | CEMS | ||
| 082 | 0 | 4 | |a 843 |
| 100 | 1 | |a Simenón, Georges | |
| 245 | 1 | 0 | |a La tete d'un homme / |
| 260 | |a Francia : |b Hachette, |c 1974 | ||
| 300 | |a 87 p.1 | ||
| 859 | |a CEMS |b BIB. CEMS - 11 de abril |h 843 |i Si44 |p 7671.80 |t Ej.1 | ||
